Využitie odpadov z výroby a spracovania kovov pri odstraňovaní chrómu = Exploitation of wastes from production and processing of metals in removal of chromium : Diplomová práca

Enregistré dans:
Détails bibliographiques
Auteur principal: Peťovská, Mariana (Auteur)
Autres auteurs: Soldán, Maroš, 1969- (xxx)
Format: Manuscrit Livre
Langue:slovaque
Publié: Bratislava : STU v Bratislave MtF KEBI, 2007
Sujets:
Tags: Ajouter un tag
Pas de tags, Soyez le premier à ajouter un tag!

MARC

LEADER 00000ntm a22000003a 4500
001 stu142458
005 20160719155558.8
008 070618s2007----xo------------------slo-d
040 |a STU  |b slo 
041 0 |a slo 
044 |a xo 
100 1 |a Peťovská, Mariana  |4 aut 
245 1 |a Využitie odpadov z výroby a spracovania kovov pri odstraňovaní chrómu = Exploitation of wastes from production and processing of metals in removal of chromium :  |b Diplomová práca 
260 |a Bratislava :  |b STU v Bratislave MtF KEBI,  |c 2007 
300 |a 74 s  |c 1 CD-ROM 
500 |a Program: Environmentálne a bezpečnostné inžinierstvo 
650 7 |a chróm  |2 stusub 
650 7 |a adsorpcia  |2 stusub 
650 7 |a odpady-využívanie  |2 stusub 
700 1 |a Soldán, Maroš,  |d 1969-  |4 xxx  |u M5000  |U MTF Materiálovotechnologická fakulta  |T MTF Ústav bezpečnosti, environmentu a kvality  |X 2878  |U M5000  |Y 85  |7 A000002878 
996 |b 284M076310  |c M*DP-6630  |l MMSKP  |s P  |a 0  |w stu142458_0001